[Event "Blau-Weiss Stadtilm - Heilbronner SV"]
[Site "Dittrichshuette"]
[Date "2004.12.27"]
[Round "1.1"]
[White "Geschnizjani, Ramin Tobias"]
[Black "Siebarth, Raiko"]
[Result "0-1"]
[WhiteElo "1806"]
[BlackElo "2100"]
[PlyCount "76"]
[EventDate "2004.??.??"]

1. e4 c5 2. Nf3 d6 3. d4 cxd4 4. Nxd4 Nf6 5. Nc3 a6 6. Be3 e5 7. Nf3 Be7 8. a4
Be6 9. Be2 O-O 10. O-O Nbd7 11. h3 Rc8 12. Qd2 Nb6 13. b3 Qc7 14. Bxb6 Qxb6 15.
Nd5 Bxd5 16. exd5 Ne4 17. Qe3 Qxe3 18. fxe3 Nc3 19. Rfe1 Nxd5 20. c4 Nb4 21.
Rac1 f5 22. Red1 Rfd8 23. Kf2 Bf6 24. Rd2 e4 25. Nd4 f4 26. Ne6 Bh4+ 27. Kg1
fxe3 28. Rd4 Re8 29. c5 Bf2+ 30. Kh1 Nd3 31. Rxd6 Nxc1 32. Bc4 Kh8 33. Ng5 e2
34. Nf7+ Kg8 35. Ng5+ Kf8 36. Nxh7+ Ke7 37. Re6+ Kd7 38. Rd6+ Kc7 0-1

[Event "Blau-Weiss Stadtilm - Heilbronner SV"]
[Site "Dittrichshuette"]
[Date "2004.12.27"]
[Round "1.2"]
[White "Schneider, Christian"]
[Black "Luo, Xinping"]
[Result "1/2-1/2"]
[WhiteElo "1833"]
[BlackElo "1696"]
[PlyCount "70"]
[EventDate "2004.??.??"]

1. Nc3 c5 2. e4 Nc6 3. g3 g6 4. Bg2 Bg7 5. d3 e6 6. f4 d6 7. Nf3 Nge7 8. O-O
O-O 9. Be3 Nd4 10. Qd2 Rb8 11. Ne1 b5 12. Nd1 b4 13. c3 bxc3 14. bxc3 Ndc6 15.
Qf2 f6 16. g4 f5 17. gxf5 exf5 18. e5 dxe5 19. Bxc5 Re8 20. Bxa7 Nxa7 21. Qxa7
Qd6 22. Qf2 exf4 23. d4 g5 24. Nc2 Nd5 25. c4 Nb4 26. Nxb4 Rxb4 27. Nc3 Qxd4
28. Bd5+ Be6 29. Rae1 Qxf2+ 30. Rxf2 Bxc3 31. Rxe6 Rxe6 32. Bxe6+ Kg7 33. Rc2
Bd4+ 34. Kg2 Bc5 35. Bxf5 h5 1/2-1/2

[Event "Blau-Weiss Stadtilm - Heilbronner SV"]
[Site "Dittrichshuette"]
[Date "2004.12.27"]
[Round "1.3"]
[White "Haeusinger, Benjamin"]
[Black "Berner, Stephan"]
[Result "0-1"]
[WhiteElo "1386"]
[BlackElo "1669"]
[PlyCount "122"]
[EventDate "2004.??.??"]

1. d4 d5 2. c4 c6 3. Nc3 Nf6 4. Nf3 e6 5. Bg5 Be7 6. e3 Nbd7 7. Be2 h6 8. Bh4
dxc4 9. Bxc4 Nb6 10. Bb3 Nfd5 11. Bxe7 Qxe7 12. e4 Nf6 13. O-O O-O 14. Qe2 Re8
15. Rad1 Nbd7 16. e5 Nd5 17. Nxd5 exd5 18. Nd2 Nf8 19. f4 Ne6 20. Bc2 Nxd4 21.
Qd3 Nxc2 22. Qxc2 g6 23. Nb3 Bf5 24. Qd2 a6 25. h3 h5 26. Kh2 Rad8 27. Nd4 Qd7
28. Qb4 Be6 29. Qb3 c5 30. Nxe6 fxe6 31. Qg3 Qg7 32. b3 Kh7 33. Qh4 Qe7 34. Qf2
Rf8 35. Rd3 b5 36. Qc2 c4 37. Rg3 Rf5 38. Rgf3 Kg7 39. g4 hxg4 40. hxg4 Qh4+
41. Rh3 Qxg4 42. Rg3 Rh8+ 43. Kg2 Qh5 44. Qf2 Qh2+ 45. Kf3 Rxf4+ 46. Kxf4 Rf8+
47. Ke3 Rxf2 48. Rxg6+ Kxg6 49. Rxf2 Qxe5+ 50. Kd2 c3+ 51. Kc2 Qe4+ 52. Kxc3
Qe3+ 53. Kb4 Qxf2 54. a4 bxa4 55. Kxa4 Qc2 56. Ka5 Qxb3 57. Kxa6 Kf6 58. Ka5
Ke5 59. Ka6 Kd6 60. Ka7 Kc6 61. Ka8 Qb7# 0-1

[Event "Blau-Weiss Stadtilm - Heilbronner SV"]
[Site "Dittrichshuette"]
[Date "2004.12.27"]
[Round "1.4"]
[White "Hoffmann, Lena"]
[Black "Durmisi, Valon"]
[Result "1-0"]
[WhiteElo "1664"]
[BlackElo "1122"]
[PlyCount "101"]
[EventDate "2004.??.??"]

1. e4 e5 2. Nf3 d6 3. d4 exd4 4. Nxd4 Nf6 5. Nc3 b6 6. Bb5+ Bd7 7. Bxd7+ Qxd7
8. Qf3 c6 9. h3 Be7 10. O-O Na6 11. Rd1 Nc7 12. Bf4 d5 13. exd5 Nfxd5 14. Nxc6
Qxc6 15. Nxd5 Nxd5 16. Qxd5 Qxd5 17. Rxd5 O-O 18. Rd7 Bf6 19. c3 h6 20. Rad1
Rfe8 21. Kf1 Kf8 22. Rb7 g5 23. Bg3 Red8 24. Rdd7 Rxd7 25. Rxd7 Ke8 26. Rb7 Rd8
27. Ke2 Rd7 28. Rxd7 Kxd7 29. Kd3 Kc6 30. f4 a6 31. Kc4 Be7 32. Kd4 b5 33. Ke5
Bd6+ 34. Kf5 Kd5 35. h4 gxf4 36. Bxf4 Bxf4 37. Kxf4 Ke6 38. g4 f6 39. Ke4 a5
40. b3 b4 41. c4 Ke7 42. Kd5 Kd7 43. Kc5 Ke6 44. Kb6 Kd7 45. c5 Kc8 46. Kxa5
Kc7 47. Kxb4 Kc6 48. Kc4 Kc7 49. b4 h5 50. gxh5 f5 51. Kd4 1-0

[Event "SC 1975 Paimar - SG Duisburg Nord"]
[Site "Dittrichshuette"]
[Date "2004.12.27"]
[Round "1.1"]
[White "Tereick, Benjamin"]
[Black "Segeritz, Philipp"]
[Result "1-0"]
[WhiteElo "2084"]
[BlackElo "1572"]
[PlyCount "57"]
[EventDate "2004.??.??"]

1. c4 {0} e5 2. Nc3 f5 3. d4 exd4 4. Qxd4 Nc6 5. Qe3+ Be7 6. Nd5 d6 7. b3 Nh6
8. Nxe7 Nxe7 9. Bb2 O-O 10. Qc3 Rf7 11. g3 Ng6 12. Bg2 Be6 13. Bxb7 Rb8 14. Bg2
Qe7 15. Nf3 c5 16. O-O-O Qd8 17. h4 Rfb7 18. Ng5 Nf8 19. Bxb7 Rxb7 20. Qf3 Qb8
21. Nxe6 Nxe6 22. Qd5 Qc8 23. Rhe1 Kh8 24. e4 Ng4 25. exf5 Nf8 26. Qf3 Nh2 27.
Qf4 Rf7 28. g4 Nxg4 29. Qxg4 1-0

[Event "SC 1975 Paimar - SG Duisburg Nord"]
[Site "Dittrichshuette"]
[Date "2004.12.27"]
[Round "1.2"]
[White "Schloetterlein, Sandro"]
[Black "Liedmann, Dennis"]
[Result "0-1"]
[WhiteElo "1408"]
[BlackElo "1845"]
[PlyCount "62"]
[EventDate "2004.??.??"]

1. e4 g6 2. d4 d6 3. c4 Bg7 4. Nc3 Nf6 5. Nf3 O-O 6. Be2 e5 7. dxe5 dxe5 8.
Qxd8 Rxd8 9. O-O c6 10. Nxe5 Nxe4 11. Nxe4 Bxe5 12. Ng3 Na6 13. a3 f5 14. f4
Bd4+ 15. Kh1 Nc5 16. Rb1 Nb3 17. Rd1 Be6 18. Nf1 c5 19. Be3 Rd6 20. Nd2 Bxe3
21. Nxb3 Rad8 22. Rf1 b6 23. Rf3 Bd4 24. Nxd4 Rxd4 25. b3 Bc8 26. Rff1 Bb7 27.
Bf3 Bxf3 28. Rxf3 Re4 29. g3 Rd2 30. Rbf1 Ree2 31. R3f2 Rxf2 0-1

[Event "SC 1975 Paimar - SG Duisburg Nord"]
[Site "Dittrichshuette"]
[Date "2004.12.27"]
[Round "1.3"]
[White "Schinske, Eric"]
[Black "Hehn, Nicolas"]
[Result "1/2-1/2"]
[WhiteElo "1694"]
[BlackElo "1539"]
[PlyCount "65"]
[EventDate "2004.??.??"]

1. d4 d6 2. c4 g6 3. Nc3 Bg7 4. e4 Nf6 5. f3 O-O 6. Be3 c6 7. Nge2 Nbd7 8. Ng3
Qc7 9. Be2 e5 10. Qd2 Rd8 11. O-O-O a6 12. dxe5 dxe5 13. Na4 Re8 14. Qc3 Rb8
15. c5 Nf8 16. Nb6 Ne6 17. Bc4 Bf8 18. b4 Bd7 19. Rd3 Rbd8 20. Rhd1 Bg7 21. Qd2
Bc8 22. Bb3 Rxd3 23. Qxd3 Rd8 24. Qc2 Nd4 25. Bxd4 exd4 26. Nc4 Be6 27. Nd6
Bxb3 28. Qxb3 Ne8 29. Nc4 Qf4+ 30. Kc2 Nc7 31. Nd6 Ne6 32. Qd3 b6 33. Nb7
1/2-1/2

[Event "SC 1975 Paimar - SG Duisburg Nord"]
[Site "Dittrichshuette"]
[Date "2004.12.27"]
[Round "1.4"]
[White "Frey, Simone"]
[Black "Palenta, Adam"]
[Result "0-1"]
[WhiteElo "1031"]
[BlackElo "1608"]
[PlyCount "88"]
[EventDate "2004.??.??"]

1. e4 {0} c5 {0} 2. Nf3 d6 3. d4 cxd4 4. Nxd4 Nf6 5. Nc3 a6 6. Be2 e6 7. O-O
Be7 8. f4 Nc6 9. Be3 O-O 10. Qe1 Re8 11. Rd1 Qc7 12. Qg3 b5 13. f5 e5 14. Bh6
Bf8 15. Nxc6 Qxc6 16. Bg5 Nxe4 17. Bf3 Qc5+ 18. Rf2 Nxg3 19. hxg3 Rb8 20. Ne4
Qb6 21. g4 Bb7 22. Kf1 d5 23. Ng3 e4 24. Be2 Bd6 25. Nh5 Bc5 26. Rf4 Be3 27. c3
f6 28. Bh4 Bxf4 29. Nxf4 b4 30. Nxd5 Bxd5 31. Rxd5 Rbd8 32. Bc4 Rxd5 33. Bxd5+
Kh8 34. Be6 bxc3 35. bxc3 Rxe6 36. fxe6 Qxe6 37. Kf2 Qxa2+ 38. Ke3 Qxg2 39. c4
Qf3+ 40. Kd4 e3 41. c5 Qxg4+ 42. Kxe3 Qxh4 43. c6 Qc4 44. Kd2 Qxc6 0-1

[Event "SF Berghofen-Wambel - SG Porz"]
[Site "Dittrichshuette"]
[Date "2004.12.27"]
[Round "1.1"]
[White "Schehl, Michael"]
[Black "Babczyk, Adrian"]
[Result "1/2-1/2"]
[WhiteElo "1401"]
[BlackElo "1940"]
[PlyCount "109"]
[EventDate "2004.??.??"]

1. e4 c5 2. Nf3 Nc6 3. d4 cxd4 4. Nxd4 e5 5. Nb5 a6 6. Nd6+ Bxd6 7. Qxd6 Qf6 8.
Qxf6 Nxf6 9. Nc3 Nd4 10. Bd3 b5 11. Bg5 Bb7 12. f3 O-O 13. Bxf6 gxf6 14. Ne2
Ne6 15. Kf2 d5 16. Nc3 Nf4 17. g3 Nxd3+ 18. cxd3 Rfd8 19. Rhd1 Rd7 20. Nxd5
Bxd5 21. exd5 Rxd5 22. Rac1 Rad8 23. Ke2 R8d6 24. b4 f5 25. a3 Kg7 26. Rc5 Kf6
27. Rxd5 Rxd5 28. Rc1 Rd6 29. Rc5 Ke6 30. Ke3 h6 31. h3 h5 32. f4 f6 33. h4 Rd5
34. Rc6+ Rd6 35. Rc5 Rb6 36. Rc8 a5 37. Rh8 axb4 38. axb4 Rb7 39. Rxh5 Rg7 40.
Kf3 Rd7 41. Ke3 Rd4 42. Rh8 Rxb4 43. h5 Kf7 44. Rh7+ Ke6 45. h6 Rb2 46. Rb7 Rh2
47. h7 b4 48. Rxb4 Rxh7 49. Rb6+ Kf7 50. Rb7+ Kg6 51. Rxh7 Kxh7 52. fxe5 fxe5
53. d4 exd4+ 54. Kxd4 Kg6 55. Ke3 1/2-1/2

[Event "SF Berghofen-Wambel - SG Porz"]
[Site "Dittrichshuette"]
[Date "2004.12.27"]
[Round "1.2"]
[White "Strathoff, Martin"]
[Black "Dandoerfer, Artur"]
[Result "1-0"]
[WhiteElo "1937"]
[BlackElo "1408"]
[PlyCount "57"]
[EventDate "2004.??.??"]

1. d4 d5 2. Nf3 Nf6 3. c4 e6 4. Nc3 c6 5. Bg5 Bb4 6. Qc2 Nbd7 7. e3 O-O 8. cxd5
exd5 9. Bd3 h6 10. Bh4 Re8 11. O-O Bd6 12. Rac1 Qe7 13. e4 dxe4 14. Nxe4 g5 15.
Nxd6 Qxd6 16. Bg3 Qf8 17. Bc4 Nb6 18. Qg6+ Qg7 19. Bxf7+ Kh8 20. Bxe8 Qxg6 21.
Bxg6 Be6 22. Rfe1 Bxa2 23. Re7 Rg8 24. Bf5 Rg7 25. Ne5 Nbd5 26. Nf7+ Kg8 27.
Nxh6+ Kf8 28. Re6 Ne7 29. Rxf6+ 1-0

[Event "SF Berghofen-Wambel - SG Porz"]
[Site "Dittrichshuette"]
[Date "2004.12.27"]
[Round "1.3"]
[White "Senay, Baris"]
[Black "Tkachuk, Konstantyn"]
[Result "1/2-1/2"]
[WhiteElo "1278"]
[BlackElo "1834"]
[PlyCount "65"]
[EventDate "2004.??.??"]

1. e4 e5 2. Nf3 Nc6 3. Bb5 a6 4. Ba4 Nf6 5. O-O Be7 6. Re1 b5 7. Bb3 O-O 8. c3
d5 9. exd5 Nxd5 10. Nxe5 Nxe5 11. Rxe5 c6 12. d4 Bd6 13. Re1 Qh4 14. g3 Qh3 15.
Bxd5 cxd5 16. Qf3 Bf5 17. Qg2 Qh5 18. f3 Bh3 19. Qf2 f5 20. f4 g5 21. Be3 gxf4
22. Bxf4 Rae8 23. Nd2 Bxf4 24. Qxf4 Re2 25. Rxe2 Qxe2 26. Qf2 Qg4 27. Qf3 Qg6
28. Qxd5+ Kh8 29. Qe5+ Kg8 30. Qf4 Re8 31. Qf2 Rf8 32. Re1 f4 33. Qf3 1/2-1/2

[Event "SF Berghofen-Wambel - SG Porz"]
[Site "Dittrichshuette"]
[Date "2004.12.27"]
[Round "1.4"]
[White "Behling, Paul"]
[Black "Liwerant, Igor"]
[Result "1/2-1/2"]
[WhiteElo "1340"]
[BlackElo "1332"]
[PlyCount "59"]
[EventDate "2004.??.??"]

1. d4 d5 2. c4 e6 3. Nc3 Nc6 4. Nf3 Bb4 5. Bg5 f6 6. Bh4 Nge7 7. e3 a6 8. Qc2
dxc4 9. Bxc4 b5 10. Bd3 g5 11. Bg3 g4 12. Nd2 Bxc3 13. bxc3 f5 14. c4 Nb4 15.
Qc3 Nxd3+ 16. Qxd3 bxc4 17. Qxc4 c6 18. Nb3 h5 19. Bh4 Qc7 20. Bxe7 Kxe7 21.
Nc5 Rb8 22. O-O Ra8 23. Rab1 h4 24. g3 hxg3 25. fxg3 Rh3 26. Rb2 Rb8 27. Rxb8
Qxb8 28. Nxa6 Bxa6 29. Qxa6 Rxg3+ 30. hxg3 1/2-1/2

[Event "Blau-Weiss Stadtilm - SV GA Ruedersdorf"]
[Site "Dittrichshuette"]
[Date "2004.12.27"]
[Round "2.1"]
[White "Siebarth, Raiko"]
[Black "Fruebing, Stefan"]
[Result "1/2-1/2"]
[WhiteElo "2100"]
[BlackElo "2127"]
[PlyCount "131"]
[EventDate "2004.??.??"]

{SG Blau-Weis Stadtilm - SV "Gluck auf" Rudersdorf} 1. e4 c5 2. c3 Nf6 3. e5
Nd5 4. d4 cxd4 5. Nf3 e6 6. cxd4 b6 7. Nc3 Nxc3 8. bxc3 Qc7 9. Bd2 d6 10. exd6
Bxd6 11. Bd3 Bb7 12. O-O Nd7 13. Re1 O-O 14. h3 Rfe8 15. Ng5 Nf6 16. Qc2 h6 17.
Ne4 Nxe4 18. Bxe4 Rac8 19. Bxb7 Qxb7 20. Qb3 Qd5 21. Qxd5 exd5 22. a4 a6 23.
Rxe8+ Rxe8 24. Kf1 Kf8 25. Rb1 Rb8 26. Ke2 Ke7 27. Kd3 b5 28. axb5 axb5 29. Ra1
b4 30. Ra7+ Ke8 31. cxb4 Bxb4 32. Bxb4 Rxb4 33. Ra5 Rb2 34. Ke3 Rb3+ 35. Kf4
Rb2 36. Kg3 Ke7 37. Rxd5 Ke6 38. Re5+ Kd6 39. Kf3 Rd2 40. Ke3 Rd1 41. Rf5 Ke6
42. Rf3 f5 43. g4 g6 44. gxf5+ gxf5 45. Rg3 f4+ 46. Kxf4 Rxd4+ 47. Kf3 Kf5 48.
Kg2 Ra4 49. Rb3 Kg5 50. Kg3 Ra5 51. Rb4 Ra3+ 52. f3 Ra5 53. Rg4+ Kh5 54. Rh4+
Kg6 55. Rb4 Kg5 56. h4+ Kh5 57. Rb6 Rf5 58. Ra6 Rb5 59. Re6 Rb6 60. Re5+ Kg6
61. h5+ Kf6 62. Ra5 Rb4 63. f4 Rb1 64. Ra6+ Kf5 65. Ra5+ Kf6 66. Ra6+ 1/2-1/2

[Event "Blau-Weiss Stadtilm - SV GA Ruedersdorf"]
[Site "Dittrichshuette"]
[Date "2004.12.27"]
[Round "2.2"]
[White "Becker, Nils"]
[Black "Schneider, Christian"]
[Result "1-0"]
[WhiteElo "2030"]
[BlackElo "1833"]
[PlyCount "109"]
[EventDate "2004.??.??"]

{SG Blau-Weis Stadtilm - SV "Gluck auf" Rudersdorf} 1. e4 c6 2. d3 d5 3. Nd2 g6
4. Ngf3 Bg7 5. g3 Bg4 6. Bg2 Nf6 7. h3 Bxf3 8. Qxf3 O-O 9. Qe2 e6 10. O-O c5
11. Nf3 Nc6 12. c3 Rc8 13. Nh2 Qb6 14. Bg5 c4 15. dxc4 Nxe4 16. Be3 Qa6 17.
Rfe1 b6 18. cxd5 Qxe2 19. Rxe2 exd5 20. Rd1 Ne7 21. Bxe4 dxe4 22. Bg5 f6 23.
Rxe4 Nc6 24. Bf4 Rcd8 25. Rxd8 Rxd8 26. Re6 Na5 27. Re7 g5 28. Be3 Nc4 29. Bd4
Nxb2 30. Rxa7 b5 31. Ng4 Rf8 32. Rb7 h5 33. Ne3 Ra8 34. Nf5 Bf8 35. Rxb5 Rxa2
36. Bxf6 Nd3 37. Bd4 Ra1+ 38. Kg2 Ne1+ 39. Kf1 Nf3+ 40. Ke2 Ng1+ 41. Kd3 Nxh3
$11 42. Kc4 Ra2 43. f3 Nf2 44. Bxf2 Rxf2 45. Nd4 Be7 46. Rf5 Kg7 47. Kd5 Kg6
48. Ke6 Bd8 49. Rf8 Ba5 50. Rg8+ Kh7 51. Kf7 Bxc3 52. Rg7+ Kh8 53. Rxg5 Rh2 54.
Rg6 Kh7 55. Nf5 1-0

[Event "Blau-Weiss Stadtilm - SV GA Ruedersdorf"]
[Site "Dittrichshuette"]
[Date "2004.12.27"]
[Round "2.3"]
[White "Berner, Stephan"]
[Black "Beisser, Jacob"]
[Result "1/2-1/2"]
[WhiteElo "1669"]
[BlackElo "1865"]
[PlyCount "68"]
[EventDate "2004.??.??"]

{SG Blau-Weis Stadtilm - SV "Gluck auf" Rudersdorf} 1. e4 c5 2. Nc3 Nc6 3. f4
d6 4. Nf3 g6 5. g3 Bg7 6. Bg2 e6 7. d3 Nge7 8. O-O O-O 9. Ne2 f5 10. c3 b6 11.
Be3 Bb7 12. Qc2 Qd7 13. Rad1 Rac8 14. Nd2 d5 15. e5 d4 16. Bf2 dxc3 17. bxc3
Na5 18. Bxb7 Qxb7 19. Nb3 Nxb3 20. Qxb3 $11 Kf7 21. c4 Qc7 22. Nc3 Rcd8 23. Nb5
Qb8 24. Qa4 Nc8 25. Rd2 Rg8 26. Rfd1 g5 27. Kf1 Qb7 28. Ke2 gxf4 29. d4 Qe4+
30. Kf1 fxg3 31. hxg3 Bh6 32. Rb2 Qh1+ 33. Ke2 Qe4+ 34. Kf1 Qh1+ 1/2-1/2

[Event "Blau-Weiss Stadtilm - SV GA Ruedersdorf"]
[Site "Dittrichshuette"]
[Date "2004.12.27"]
[Round "2.4"]
[White "Wapenhans, Alexander"]
[Black "Hoffmann, Lena"]
[Result "1-0"]
[WhiteElo "1734"]
[BlackElo "1664"]
[PlyCount "79"]
[EventDate "2004.??.??"]

{SG Blau-Weis Stadtilm - SV "Gluck auf" Rudersdorf} 1. e4 c5 2. Nf3 d6 3. d4
cxd4 4. Nxd4 Nf6 5. Nc3 a6 6. Be3 e5 7. Nb3 Be7 8. Be2 Be6 9. Bf3 O-O 10. O-O
Nbd7 11. a4 Nc5 12. Nxc5 dxc5 13. Qxd8 Rfxd8 14. Rfd1 b6 15. Be2 Ng4 16. Rxd8+
Bxd8 17. Bxg4 Bxg4 18. f3 Be6 19. Rd1 Bc7 20. Nd5 Bxd5 21. Rxd5 Rd8 22. a5 Rxd5
$11 23. exd5 b5 24. Bxc5 Bxa5 25. Kf2 f6 26. Ke3 Kf7 27. Kd3 g6 28. b3 Bc7 29.
c4 Ba5 30. Ba3 b4 31. Bc1 Ke7 32. c5 Kd7 33. Kc4 h5 34. Bd2 g5 35. h3 Bd8 36.
Bxb4 h4 37. Bc3 Bc7 38. c6+ Kc8 39. Kc5 Bb8 40. Ba5 1-0

[Event "SG Duisburg Nord - SC Baden-Oos"]
[Site "Dittrichshuette"]
[Date "2004.12.27"]
[Round "2.1"]
[White "Beck, Frederik"]
[Black "Tereick, Benjamin"]
[Result "1/2-1/2"]
[WhiteElo "2116"]
[BlackElo "2084"]
[PlyCount "30"]
[EventDate "2004.??.??"]

1. e4 e6 2. d4 d5 3. exd5 exd5 4. Nf3 Nc6 5. Bd3 Bg4 6. Be3 Bd6 7. Nbd2 Nge7 8.
O-O Qd7 9. a3 O-O 10. c4 dxc4 11. Bxc4 Nf5 12. Qc2 Rfe8 13. Rae1 Nce7 14. Ng5
Bh5 15. Nde4 Bg6 1/2-1/2

[Event "SG Duisburg Nord - SC Baden-Oos"]
[Site "Dittrichshuette"]
[Date "2004.12.27"]
[Round "2.2"]
[White "Liedmann, Dennis"]
[Black "Stiefel, Michael"]
[Result "1-0"]
[WhiteElo "1845"]
[BlackElo "1945"]
[PlyCount "53"]
[EventDate "2004.??.??"]

1. d4 d5 2. Nf3 Nf6 3. e3 c6 4. Bd3 Bg4 5. Nbd2 Nbd7 6. Be2 e6 7. b3 Bd6 8. Bb2
Qb8 9. c4 O-O 10. h3 Bh5 11. O-O e5 12. dxe5 Nxe5 13. Nd4 Bxe2 14. Qxe2 dxc4
15. Nxc4 Nxc4 16. Qxc4 Qc7 17. Rab1 Rac8 18. Nf5 Be7 19. Rfd1 Rfd8 20. Qh4
Rxd1+ 21. Rxd1 Rd8 22. Rxd8+ Bxd8 23. Qg5 Ne8 24. Qg4 Bf6 25. Ba3 a6 26. Nh6+
Kh8 27. Qe6 1-0

[Event "SG Duisburg Nord - SC Baden-Oos"]
[Site "Dittrichshuette"]
[Date "2004.12.27"]
[Round "2.3"]
[White "Mrinski, Evgenij"]
[Black "Schinske, Eric"]
[Result "1/2-1/2"]
[WhiteElo "1792"]
[BlackElo "1694"]
[PlyCount "46"]
[EventDate "2004.??.??"]

1. e4 d6 2. d4 Nf6 3. Nc3 e5 4. dxe5 dxe5 5. Qxd8+ Kxd8 6. Bc4 Be6 7. Bxe6 fxe6
8. Be3 a6 9. O-O-O+ Nbd7 10. h3 Bd6 11. Nge2 Rf8 12. f4 exf4 13. Nxf4 Ke7 14.
Nd3 Rad8 15. Rhf1 Ne5 {(=)} 16. Bf4 Nxd3+ 17. Rxd3 Bxf4+ 18. Rxf4 Rxd3 19. cxd3
g5 20. Rf1 Nh5 21. Rxf8 Kxf8 22. Ne2 Ke7 {(=)} 23. e5 Kd7 1/2-1/2

[Event "SG Duisburg Nord - SC Baden-Oos"]
[Site "Dittrichshuette"]
[Date "2004.12.27"]
[Round "2.4"]
[White "Palenta, Adam"]
[Black "Goergen, Barbara"]
[Result "0-1"]
[WhiteElo "1608"]
[BlackElo "1740"]
[PlyCount "62"]
[EventDate "2004.??.??"]

1. d4 d5 2. Nf3 Nf6 3. Bf4 c6 4. e3 Bg4 5. c4 e6 6. c5 b6 7. b4 a5 8. bxa5 bxc5
9. dxc5 Qxa5+ 10. Qd2 Qxd2+ 11. Nbxd2 Bxc5 12. Be2 Bb4 13. Rb1 c5 14. a3 Bxd2+
15. Nxd2 Bxe2 16. Kxe2 O-O 17. Bd6 Rc8 18. Rhc1 Nbd7 19. Nb3 Ne4 20. Be7 c4 21.
Nd4 Nec5 22. Nc2 Nb3 23. Rd1 Nb6 24. Bb4 Na4 25. Nd4 Nbc5 26. Nc2 Nd3 27. Bd2
Rab8 28. Rxb8 Rxb8 29. Nb4 Nac5 30. Ra1 Nb3 31. Ra2 Nbc1+ 0-1

[Event "SC Leipzig-Gohlis - SF Berghofen-Wambel"]
[Site "Dittrichshuette"]
[Date "2004.12.27"]
[Round "2.1"]
[White "Babczyk, Adrian"]
[Black "Natsidis, Christoph"]
[Result "1/2-1/2"]
[WhiteElo "1940"]
[BlackElo "1995"]
[PlyCount "118"]
[EventDate "2004.??.??"]

1. Nf3 e6 2. d4 f5 3. c4 Nf6 4. Nbd2 d5 5. e3 c6 6. g3 Bd6 7. Bg2 Nbd7 8. Rb1
Qe7 9. a3 a5 10. O-O b5 11. cxb5 cxb5 12. Re1 O-O 13. Bf1 Ba6 14. Nb3 a4 15.
Na1 b4 16. Bxa6 Rxa6 17. Qd3 Rb6 18. axb4 Bxb4 19. Bd2 Bd6 20. b3 a3 21. Ba5
Rb7 22. b4 Ra8 23. Qxa3 Nb8 24. Qc3 Na6 25. b5 Nc7 26. Qc6 Rab8 27. b6 Na8 28.
Rb3 h6 29. Reb1 g5 30. Nc2 f4 31. Bb4 Ne4 32. Bxd6 Qxd6 33. Ne5 Kg7 34. Ne1
Qxc6 35. Nxc6 Rc8 36. Na5 Rxb6 37. Rxb6 Nxb6 38. Rxb6 Rc1 $11 39. Rb7+ Kf6 40.
Kf1 f3 41. Rb2 Rd1 42. Nb3 g4 43. Rc2 Kf5 44. Rc1 Nd2+ 45. Kg1 Rxe1+ 46. Rxe1
Nxb3 47. Rd1 Na5 48. Ra1 Nc4 49. Kf1 Nd2+ 50. Ke1 Ne4 $11 51. Ra2 Kg5 52. Rc2
Kf5 53. Rc6 Kf6 54. Rc8 h5 55. Rf8+ Kg6 56. Rf4 Ng5 57. Rf8 Ne4 58. Rh8 Kg5 59.
Rg8+ Kf6 1/2-1/2

[Event "SC Leipzig-Gohlis - SF Berghofen-Wambel"]
[Site "Dittrichshuette"]
[Date "2004.12.27"]
[Round "2.2"]
[White "Dueck, Stefan"]
[Black "Strathoff, Martin"]
[Result "1-0"]
[WhiteElo "1885"]
[BlackElo "1937"]
[PlyCount "77"]
[EventDate "2004.??.??"]

1. Nf3 Nf6 2. g3 d5 3. Bg2 e6 4. d3 c5 5. O-O Nc6 6. Nbd2 Be7 7. Re1 e5 8. e4
d4 9. Nc4 Qc7 10. a4 O-O 11. Nh4 Be6 12. Na3 Nd7 13. Nf5 Nf6 14. f4 Rfe8 15.
Nxe7+ Qxe7 16. f5 Bc8 17. g4 Nd7 18. g5 Nf8 19. Rf1 f6 20. h4 Rd8 21. Qe1 Kh8
22. Qg3 Qf7 23. Bf3 Ne7 24. Bg4 Ng8 25. Nc4 Qe7 26. Rf2 b6 27. Rg2 Nd7 28. Bh3
Rb8 29. Bd2 a6 30. Kh2 Rb7 31. Rag1 h6 32. gxh6 gxh6 33. Nd6 Nb8 34. Nxb7 Qxb7
35. Qxg8+ Rxg8 36. Rxg8+ Kh7 37. Bxh6 Nd7 38. R1g7+ Kxh6 39. Re7 1-0

[Event "SC Leipzig-Gohlis - SF Berghofen-Wambel"]
[Site "Dittrichshuette"]
[Date "2004.12.27"]
[Round "2.3"]
[White "Tkachuk, Konstantyn"]
[Black "Ohme, Melanie"]
[Result "0-1"]
[WhiteElo "1834"]
[BlackElo "1956"]
[PlyCount "38"]
[EventDate "2004.??.??"]

1. e4 c5 2. Nf3 e6 3. d3 Nc6 4. g3 g6 5. Bg5 Qb6 6. Qc1 Bg7 7. c3 Nge7 8. Nbd2
d5 9. Bg2 O-O 10. O-O h6 11. Be3 Kh7 12. Nb3 d4 13. cxd4 cxd4 14. Bd2 Bd7 15.
Ne1 Rac8 16. Qd1 a5 17. Bc1 Nb4 18. f4 Ba4 19. g4 Nxa2 0-1

[Event "SC Leipzig-Gohlis - SF Berghofen-Wambel"]
[Site "Dittrichshuette"]
[Date "2004.12.27"]
[Round "2.4"]
[White "Haense, Felix"]
[Black "Wilms, Christoph"]
[Result "1-0"]
[WhiteElo "1688"]
[BlackElo "1430"]
[PlyCount "109"]
[EventDate "2004.??.??"]

1. Nf3 Nf6 2. g3 e6 3. Bg2 d5 4. O-O c5 5. d3 Nc6 6. Nc3 Be7 7. e4 dxe4 8. dxe4
Qxd1 9. Rxd1 a6 10. Bf4 h6 11. Rd2 g5 12. Bc7 O-O 13. Rad1 Ne8 14. Bb6 e5 15.
Na4 c4 16. Nc5 Nf6 17. Ne1 Nd4 18. c3 Ne6 19. Nxe6 Bxe6 20. Bc7 Bc5 21. Bxe5
Nh5 22. Bd4 Be7 23. e5 Rab8 24. Ba7 Ra8 25. Bb6 Rfe8 26. Bxb7 Rab8 27. Bc6 Rec8
28. Ba7 Rxb2 29. Rxb2 Rxc6 30. Rb8+ Kg7 31. Bd4 Kg6 32. Rdb1 Kh7 33. R1b7 Ba3
34. Nc2 Bc5 35. Ra8 Bd5 36. Rd7 Be4 37. Ne3 Rb6 38. Bxc5 Rb1+ 39. Rd1 Rxd1+ 40.
Nxd1 Bxa8 41. Ne3 Kg6 42. a3 f6 43. Nxc4 Bd5 44. Nb6 Be6 45. Bd4 Kf5 46. exf6
Nxf6 47. Bxf6 Kxf6 48. Kg2 g4 49. f4 Kf5 50. Na4 Bd5+ 51. Kf2 Bc6 52. Nc5 Kf6
53. Ke3 a5 54. Kd4 a4 55. Kc4 1-0

[Event "SC Tamm 74 - FSV Grossenseebach"]
[Site "Dittrichshuette"]
[Date "2004.12.27"]
[Round "2.1"]
[White "Kirch, Daniel"]
[Black "Lange, Jan-David"]
[Result "1/2-1/2"]
[WhiteElo "1816"]
[BlackElo "1866"]
[PlyCount "92"]
[EventDate "2004.??.??"]

1. d4 e6 2. c4 d5 3. Nc3 Nf6 4. cxd5 exd5 5. Bg5 Be7 6. e3 Bf5 7. Bxf6 gxf6 8.
Qb3 Nc6 9. Qxd5 Qxd5 10. Nxd5 Bb4+ 11. Nc3 O-O-O 12. Nf3 Ne7 13. Bc4 Nd5 14.
Rc1 Nxc3 15. bxc3 Ba3 16. Rd1 Rd6 17. Nh4 Be6 18. Bxe6+ fxe6 19. Rb1 Ra6 20.
Ke2 Be7 21. Rb2 Rg8 22. g3 Ba3 23. Rc2 Rg5 24. Nf3 Rb5 25. Nd2 Rb2 26. Kd3 Rc6
27. Rb1 Rxb1 28. Nxb1 Bd6 29. Rb2 Ra6 30. c4 b6 31. Nc3 c6 32. e4 Kd7 33. f4
Ra5 34. e5 Ba3 35. Rg2 Bb4 36. Nb1 f5 37. Rb2 Ba3 38. Rb3 Be7 39. a3 h5 40. Kc2
Ra4 41. Rc3 b5 42. Kb3 a5 43. Rc2 $11 Bf8 44. Rc3 Be7 45. Rc2 Bd8 46. Nd2 Be7
1/2-1/2

[Event "SC Tamm 74 - FSV Grossenseebach"]
[Site "Dittrichshuette"]
[Date "2004.12.27"]
[Round "2.2"]
[White "Andraschko, Felix"]
[Black "Seyb, Alexander"]
[Result "0-1"]
[WhiteElo "1668"]
[BlackElo "2018"]
[PlyCount "54"]
[EventDate "2004.??.??"]

1. d4 g6 2. e4 Bg7 3. Nc3 d6 4. Nf3 a6 5. Be3 Nd7 6. Qd2 e6 7. Bd3 b5 8. a4 b4
9. Ne2 Rb8 10. O-O Ne7 11. Bh6 O-O 12. Bxg7 Kxg7 13. e5 Bb7 14. exd6 cxd6 15.
Ng3 Nf6 16. h4 Nf5 17. Qf4 Nxg3 18. fxg3 h5 19. Rae1 Nd5 20. Qd2 Ne7 21. Ng5
Qd7 22. g4 hxg4 23. Qf4 Nf5 24. Qxg4 Rh8 25. g3 Rbe8 26. Nh3 Nh6 27. Qg5 Qd8 {
Notation nicht weiter nachvollziehbar} 0-1